Les matières enseignées à l'école - Statistiques

Statistiques générales
  • Ce quiz a été pris 872 fois
    871 depuis la dernière actualisation
  • Le résultat moyen est 11 sur 14
Statistiques - réponses
Réponse % Correct
Français
98%
Anglais
95%
Histoire
91%
Mathématiques
91%
LV2
88%
Sciences de la Vie et de la Terre
83%
Géographie
79%
Education Musicale
75%
Education Physique et Sportive
72%
Physique-Chimie
72%
Technologie
65%
Enseignement Morale et Civique
57%
Arts Plastiques
48%
Option
46%
Aucun quiz correspondant
Distribution des résultats
% des personnes avec chaque résultat
Percentile par nombre de réponses
Votre historique - résultats
Vous n’avez pas pris ce quiz depuis la dernière actualisation